| 000 | 00378nam a2200109 4500 | ||
|---|---|---|---|
| 245 |
_aEnglish in practice : secondary English Department at work _cedited by Geoffrey Summerfield and Stephen Tunnicliffe |
||
| 710 | _aSummerfield, Geoffrey | ||
| 710 | _aTunnicliffe, Stephen | ||
| 260 |
_aCambridge _bCambridge University Press _c1971 |
||
| 300 | _avii,222p.; 21cm. | ||
| 082 |
_a428 _bSUM |
||
| 999 |
_c645 _d645 |
||